El Pacífico : (Registro nro. 6801)
[ vista simple ]
| 000 -LEADER | |
|---|---|
| fixed length control field | 02229cam a2200313 a 4500 |
| 003 - CONTROL NUMBER IDENTIFIER | |
| control field | OSt |
| 005 - DATE AND TIME OF LATEST TRANSACTION | |
| control field | 20200828124454.0 |
| 008 - FIXED-LENGTH DATA ELEMENTS--GENERAL INFORMATION | |
| fixed length control field | 130301s2012 ck ad r 000 0 spa d |
| 020 ## - INTERNATIONAL STANDARD BOOK NUMBER | |
| International Standard Book Number | 9789585754805 |
| 040 ## - CATALOGING SOURCE | |
| Original cataloging agency | CO-BoPUJ |
| Transcribing agency | Co-JMCR |
| 041 0# - LANGUAGE CODE | |
| Language code of text/sound track or separate title | spa |
| 082 04 - DEWEY DECIMAL CLASSIFICATION NUMBER | |
| Classification number | 337.1 / |
| Item number | F363p |
| Edition number | 23 |
| 100 1# - MAIN ENTRY--PERSONAL NAME | |
| Personal name | Fernandez de Soto, Guillermo, |
| Relator term | Coordinador |
| 9 (RLIN) | 9449 |
| 245 13 - TITLE STATEMENT | |
| Title | El Pacífico : |
| Remainder of title | la inserción aplazada : la relación de Colombia con el Asia-Pacífico en el contexto de América Latina |
| Statement of responsibility, etc. | coordinadores Guillermo Fernández de Soto, Saúl Pineda Hoyos ; Consejo Colombiano de Relaciones Internacionales |
| 260 ## - PUBLICATION, DISTRIBUTION, ETC. | |
| Place of publication, distribution, etc. | [Bogotá] : |
| Name of publisher, distributor, etc. | Consejo Colombiano de Relaciones Internacionales, CORI, |
| Date of publication, distribution, etc. | [2012]. |
| 300 ## - PHYSICAL DESCRIPTION | |
| Extent | 262 páginas : |
| Other physical details | ilustraciones, gráficas a color ; |
| Dimensions | 27 cm. |
| 504 ## - BIBLIOGRAPHY, ETC. NOTE | |
| Bibliography, etc. note | Incluye referencias bibliográficas (páginas 255-262). |
| 505 ## - FORMATTED CONTENTS NOTE | |
| Formatted contents note | Aproximaciones geopolíticas a las relaciones entre América Latina y Asia-Pacífico -- Dimensionamiento macroeconómico del Asia-Pacífico -- Escenarios de cooperación económica en Asia-Pacífico y de convergencia con América Latina -- Relaciones comerciales y de inversiones entre economías orientales de Asia-Pacífico y algunos países de América Latina -- Relaciones comerciales entre economías orientales del Asia-Pacífico y Colombia -- Colombia en los escenarios de cooperación en el Asia-Pacífico -- Una visión regional de la cuenca del pacífico: el caso del Valle del Cauca -- Conclusiones y recomendaciones de carácter estratégico |
| 650 14 - SUBJECT ADDED ENTRY--TOPICAL TERM | |
| Topical term or geographic name entry element | Integración económica internacional |
| 9 (RLIN) | 7032 |
| 651 24 - SUBJECT ADDED ENTRY--GEOGRAPHIC NAME | |
| Geographic name | Asia |
| General subdivision | Relaciones económicas exteriores |
| Geographic subdivision | Colombia |
| 9 (RLIN) | 9450 |
| 651 #4 - SUBJECT ADDED ENTRY--GEOGRAPHIC NAME | |
| Geographic name | Colombia |
| General subdivision | Relaciones económicas exteriores |
| Geographic subdivision | Asia |
| 9 (RLIN) | 9451 |
| 651 24 - SUBJECT ADDED ENTRY--GEOGRAPHIC NAME | |
| Geographic name | Países del pacífico |
| General subdivision | Relaciones económicas exteriores |
| Geographic subdivision | Colombia |
| 9 (RLIN) | 9452 |
| 651 24 - SUBJECT ADDED ENTRY--GEOGRAPHIC NAME | |
| Geographic name | Colombia |
| General subdivision | Relaciones económicas exteriores |
| Geographic subdivision | Países del pacifico |
| 9 (RLIN) | 9453 |
| 700 1# - ADDED ENTRY--PERSONAL NAME | |
| Personal name | Fernández de Soto, Guillermo |
| Relator term | Coordinador |
| 9 (RLIN) | 9454 |
| 700 1# - ADDED ENTRY--PERSONAL NAME | |
| Personal name | Pineda Hoyos, Saúl |
| Relator term | Coordinador |
| 9 (RLIN) | 9455 |
| 710 2# - ADDED ENTRY--CORPORATE NAME | |
| Corporate name or jurisdiction name as entry element | Consejo Colombiano de Relaciones Internacionales, (CORI) |
| 9 (RLIN) | 9456 |
| 942 ## - ADDED ENTRY ELEMENTS (KOHA) | |
| Source of classification or shelving scheme | Dewey Decimal Classification |
| Koha item type | Books |
| Withdrawn status | Lost status | Source of classification or shelving scheme | Damaged status | Not for loan | Home library | Current library | Shelving location | Date acquired | Coded location qualifier | Total Checkouts | Full call number | Barcode | Date last seen | Copy number | Price effective from | Koha item type |
|---|---|---|---|---|---|---|---|---|---|---|---|---|---|---|---|---|
| Dewey Decimal Classification | Biblioteca Pública José María del Castillo y Rada | Biblioteca Pública José María del Castillo y Rada | General Stacks | 04/15/2018 | $0. | 337.1 / F363p | 201809974 | 05/16/2024 | Ej.1 | 04/15/2018 | Books |